Southville International School and Colleges
Your cart is empty.
  • Cart
  • Lists
    Public lists Eva Luna New books Lux_list list_1
    Your lists Log in to create your own lists
  • Log in to your account
  • Your cookies
  • Search history
Southville International School and Colleges
  • Advanced search
  • Recent comments
  • Most popular
  • Libraries

Log in to your account

Log in with GOOGLE


If you do not have an external account, but do have a local account, you can still log in:

  1. Home
  2. MARC view: My first book of human body /
Normal view MARC view ISBD view

My first book of human body / (Record no. 105691)

[ view plain ]
MARC details
000 -LEADER
fixed length control field 00547nam a2200169 a 4500
005 - DATE AND TIME OF LATEST TRANSACTION
control field 20140412111411.0
008 - FIXED-LENGTH DATA ELEMENTS--GENERAL INFORMATION
fixed length control field 070215s19uu xx 00 eng d
020 ## - INTERNATIONAL STANDARD BOOK NUMBER
International Standard Book Number 1-85830-377-x
050 ## - LIBRARY OF CONGRESS CALL NUMBER
Classification number M 611
Item number My99 2004
100 ## - MAIN ENTRY--PERSONAL NAME
Personal name Brook, John Dr.
245 ## - TITLE STATEMENT
Title My first book of human body /
Statement of responsibility, etc Dr. John H.R. Brook.
260 ## - PUBLICATION, DISTRIBUTION, ETC. (IMPRINT)
Place of publication, distribution, etc UK :
Name of publisher, distributor, etc Grandreams limited,
Date of publication, distribution, etc 2004.
520 ## - SUMMARY, ETC.
Summary, etc Presents surprising facts about various parts of human body
650 ## - SUBJECT ADDED ENTRY--TOPICAL TERM
Topical term or geographic name as entry element Body , Human-Juvenile literature
650 ## - SUBJECT ADDED ENTRY--TOPICAL TERM
Topical term or geographic name as entry element Body, Human-Juvenile literature
Holdings
Withdrawn status Lost status Damaged status Use restrictions Home library Current library Shelving location Date acquired Source of acquisition Total Checkouts Full call number Barcode Date last seen Price effective from Koha item type
        Elizalde Library Elizalde Library Main Section 02/15/2007     M 611 My99 2004 E10531 04/12/2014 04/12/2014 Books

My first book of human body /

APA

Brook J. D., . (2004). My first book of human body. UK: Grandreams limited.

Chicago

Brook John Dr, . 2004. My first book of human body. UK: Grandreams limited.

Harvard

Brook J. D., . (2004). My first book of human body. UK: Grandreams limited.

MLA

Brook John Dr, . My first book of human body. UK: Grandreams limited. 2004.

  • Place hold
  • Print
  • Cite
  • Add to your cart (remove)
  • Save record
    BIBTEX Dublin Core MARCXML MARC (non-Unicode/MARC-8) MARC (Unicode/UTF-8) MARC (Unicode/UTF-8, Standard) MODS (XML) RIS
  • More searches
    Search for this title in:
    Other Libraries (WorldCat) Other Databases (Google Scholar) Online Stores (Bookfinder.com) Open Library (openlibrary.org)

Exporting to Dublin Core...

SOUTHVILLE LIBRARY

Southville International School and Colleges Library

1281 Tropical Ave. Cor. Luxembourg St., BF Homes International, Las Pinas City

Tel. No. 8256374 / 252358 Loc. 117/146

Powered by Koha